DrawDown ako metóda určenia rizika portfólia
Salvato in:
| Autore principale: | |
|---|---|
| Altri autori: | |
| Natura: | Capitolo di libro |
| Lingua: | slovacco |
| Soggetti: | |
| Tags: |
Nessun Tag, puoi essere il primo ad aggiungerne!!
|
MARC
| LEADER | 00000naa$a2200000$$$4500 | ||
|---|---|---|---|
| 001 | 0243695 | ||
| 005 | 20240502073940.1 | ||
| 041 | 0 | |a slo | |
| 044 | |a SK | ||
| 245 | 1 | 0 | |a DrawDown ako metóda určenia rizika portfólia |c Ivan Brezina, Ivan Brezina ml. |
| 500 | |a Abstrakt | ||
| 610 | 2 | 0 | |a portfólio |
| 610 | 2 | 0 | |a riziko |
| 610 | 2 | 0 | |a trh finančný |
| 610 | 2 | 0 | |a riziko investičné |
| 100 | 1 | |a Brezina, Ivan, 1963- | |
| 700 | 1 | |a Brezina, Ivan, ml. | |